000 01117cam a22002891i 4500
003 SA-RiAUC
005 20241230073904.0
008 241227s1983 su g b i00000 ara c
040 _aSA-RiKSU
_bara
_cSA-RiAUC
_erda
082 0 4 _a229.4128
_qSA-RiAUC
082 0 4 _a191
090 _a229.4128
_bع ج م
100 1 _aالعجمي، أبو اليزيد أبو زيد،
_d1942-
_eمؤلف.
245 1 0 _aحقيقة الإنسان بين القرآن وتصور العلوم /
_cتأليف أبو اليزيد العجمي.
264 1 _aمكة المكرمة :
_bرابطة العالم الإسلامي،
_c1983
300 _a174 صفحة ؛
_c20 سم.
336 _aنص
_btxt
_2rdacontent
_3كتاب
337 _aبدون وسيط
_bn
_2rdamedia
338 _aمجلد
_bnc
_2rdacarrier
490 0 _aدعوة الحق ؛
_v22
504 _aيشتمل على إرجاعات ببليوجرافية.
650 7 _aالإنسان في القرآن
_2aucsh
650 7 _aالقرآن والإنسان
_2aucsh
730 2 2 _aالقرآن
942 _2ddc
_cBOOK
_n0
949 _aSA-JeALM
_d241227
_umohamedma123
_n1
999 _c4090
_d4090